Warszawa: wszystkie pętle i krańce tramwajowe - Statystyki

Ogólne statystyki
  • Ten quiz został rozwiązany 193 razy
  • Średni wynik to 25 z 37
Statystyki odpowiedzi
Dzielnica Pętla/kraniec % Poprawnych
Bielany Metro Młociny
84%
Białołęka Winnica
84%
Białołęka Annopol
82%
Wilanów Miasteczko Wilanów
81%
Praga Południe Wiatraczna
81%
Praga Południe Gocławek
80%
Praga Północ Żerań FSO
80%
Bemowo Nowe Bemowo
79%
Mokotów Wyścigi
79%
Bemowo Boernerowo
78%
Włochy P+R Aleja Krakowska
78%
Bemowo Osiedle Górczewska
77%
Ochota Banacha
76%
Mokotów PKP Służewiec
76%
Ochota Plac Narutowicza
75%
Bielany Piaski
72%
Białołęka Tarchomin Kościelny
72%
Białołęka Żerań Wschodni
72%
Praga Północ Dworzec Wschodni (Kijowska)
71%
Żoliborz Metro Marymont
71%
Wola Cmentarz Wolski
69%
Praga Północ Kawęczyńska-Bazylika
66%
Żoliborz Marymont-Potok
66%
Mokotów Sielce
66%
Mokotów Kielecka
64%
Praga Północ Czynszowa
60%
Mokotów Metro Wilanowska
60%
Ochota Plac Starynkiewicza
59%
Mokotów Metro Wierzbno
57%
Mokotów Woronicza
57%
Praga Północ Ratuszowa-ZOO
56%
Wola Koło
55%
Praga Południe Aleja Zieleniecka
53%
Targówek Rondo Żaba
50%
Śródmieście Muranowska
42%
Wola Rondo Daszyńskiego
42%
Bielany Twardowska
40%
Nie znaleziono quizów pasujących do podanych kryteriów
Rozkład punktacji
Procent ludzi z każdym wynikiem
Percentyl według liczby udzielonych odpowiedzi
Twoja historia wyników
Nie rozwiązałeś tego quizu